000 00847nam a22002057a 4500
999 _c157
_d157
003 AR-CdUCM
008 190222b ||||| |||| 00| 0 spa d
040 _aMUNICIPALIDAD PROVINCIAL DEL CUSCO
_cBIBLIOTECA MUNICIPAL DEL CUSCO
082 _a980 /
_bAR74
100 _aArmaza Perez del Castillo, Hernando
_9741
245 _aGracias al 31 de diciembre :
_bBolivia entre la presidencia de Bolívar /
_cArmaza Perez del Castillo, Hernando
260 _aLa Paz - Bolivia :
_bDon Bosco,
_c1992.
300 _a393 páginas ;
_bilustración,
_c25 cm.
505 _aFederico y Cleómedes Blanco -- Andrés Santa Cruz -- El Libertador Bolívar y el dictador Bolívar -- Elección del Mariscal Santa Cruz ...
650 _aHistoria.
_9136
650 _aPolítica.
_9291
650 _aAmérica del Sur.
_9742
942 _2ddc
_cLIBROS
945 _aachl
_d2019-02-22